Reoprt of the Constitution Commission Pakistan / (Record no. 187469)

000 -LEADER
fixed length control field 01096 a2200145 4500
003 - CONTROL NUMBER IDENTIFIER
control field Nust
005 - DATE AND TIME OF LATEST TRANSACTION
control field 20230208095904.0
040 ## - CATALOGING SOURCE
Transcribing agency Nust
082 ## - DEWEY DECIMAL CLASSIFICATION NUMBER
Classification number 954.1,REP
245 ## - TITLE STATEMENT
Title Reoprt of the Constitution Commission Pakistan /
Statement of responsibility, etc. Constitution Commission Of Pakistan
300 ## - PHYSICAL DESCRIPTION
Extent 177:p
505 ## - FORMATTED CONTENTS NOTE
Formatted contents note Introductory (Page-1), Causes of the Failure the Parliamentary From of Government (Page-5), From of Government Parliamentary or Presidential (Page-19), From of Government – Unitary or Federal (Page-32), Legislature – Unicameral or Bicameral (Page-45), Chocks and Balances (Page-52), The Electorate (Page-64), Provision Regarding the President and the Vice –President (Page-82), The Judiciary (Page-87), Fundamental Rights and Directive Principles (Page-101), Services (Page-106), Preamble and Islamic Provisions (Page-114), The Amendment of the Constitution (Page-127), Indemnity Provision (Page-129), Miscellaneous (Page-131), Temporary and Transitional Provision (Page-134), Conclusion (Page-138). 
650 ## - SUBJECT ADDED ENTRY--TOPICAL TERM
Topical term or geographic name entry element Constitution Commission Pakistan
9 (RLIN) 108720
942 ## - ADDED ENTRY ELEMENTS (KOHA)
Source of classification or shelving scheme
Koha item type Book
Call number prefix 954.1,REP
Holdings
Withdrawn status Lost status Source of classification or shelving scheme Damaged status Not for loan Permanent Location Current Location Shelving location Date acquired Full call number Barcode Date last seen Price effective from Koha item type Public note
          Military College of Signals (MCS) Military College of Signals (MCS) General Stacks 12/12/2016 954.1,REP MCS29470 12/08/2016 12/12/2016 Book Almirah No. 61, Shelf No. 5
© 2023 Central Library, National University of Sciences and Technology. All Rights Reserved.